University grand commission NET/SLET : (Record no. 133250)

MARC details
000 -LEADER
fixed length control field 00695nam a22002177a 4500
005 - DATE AND TIME OF LATEST TRANSACTION
control field 20170124110206.0
010 ## - LIBRARY OF CONGRESS CONTROL NUMBER
LC control number B-026435
020 ## - INTERNATIONAL STANDARD BOOK NUMBER
Terms of availability 195.00
International Standard Book Number 8177290479
035 ## - SYSTEM CONTROL NUMBER
System control number B-026435
037 ## - SOURCE OF ACQUISITION
Source of stock number/acquisition Cen Lib/Ret
040 ## - CATALOGING SOURCE
Original cataloging agency DPL
Language of cataloging EN
082 ## - DEWEY DECIMAL CLASSIFICATION NUMBER
Classification number 000
Item number PRA
100 ## - MAIN ENTRY--PERSONAL NAME
Personal name Prashant Kumar
9 (RLIN) 6967
245 ## - TITLE STATEMENT
Title University grand commission NET/SLET :
Statement of responsibility, etc by Prashant Kumar
Remainder of title mental ability /
260 ## - PUBLICATION, DISTRIBUTION, ETC. (IMPRINT)
Place of publication, distribution, etc New Delhi
Name of publisher, distributor, etc Cosmos bookhives
270 ## - ADDRESS
City New Delhi
Address 47/30, East patel nagar
300 ## - PHYSICAL DESCRIPTION
Extent various pagings
Dimensions 25cm(Hb)
650 ## - SUBJECT ADDED ENTRY--TOPICAL TERM
Topical term or geographic name as entry element Teaching and research aptitude (NET/SLET)
9 (RLIN) 72820
650 ## - SUBJECT ADDED ENTRY--TOPICAL TERM
Topical term or geographic name as entry element Data analysis and interpretation
9 (RLIN) 72821
942 ## - ADDED ENTRY ELEMENTS (KOHA)
Source of classification or shelving scheme Dewey Decimal Classification
Koha item type English Books
Classification part 000
Call number suffix PRA
Holdings
Withdrawn status Lost status Damaged status Not for loan Home library Current library Date acquired Source of acquisition Cost, normal purchase price Total Checkouts Total Renewals Full call number Barcode Date last seen Date checked out Copy number Cost, replacement price Price effective from Koha item type
        Central Library Central Library 25/07/2015 Cen Lib/Ret 195.00 7 2 00 PRA B-026435 12/08/2024 22/07/2024 1 195.00 25/07/2015 English Books

© Delhi Public Library
Hit Counter
free hit counter